00604nam a2200205Ia 4500003000400000005001700004008004100021020001900062040000700081041000800088082001300096100002200109245003200131260004600163300000800209650002300217942001300240999001900253952012600272OSt20250829095417.0250729s2003 xx 000 0 und d a978-1857037883 cAL aeng a000 YEUT aYeung Roh9222301 aThe ten career commandments aMumbaibBetter Yourself Publicationc2003 a80p aGeneraliya9222302 2ddccBED c235398d235398 00104070aALbALd2025-07-29eSita Book Houseg35.00l0o000 YEUTpBED00717r2025-07-29 16:53:57v35.00w2025-07-29yBK